Регионална библиотека "Любен Каравелов" - Русе

Теория и изчисление на трактора и автомобила (Запис номер 59840)

MARC детайли
000 -Лидер
Контролно поле с фиксирана дължина 01474nam a2200361 c 4500
003 - Код на организацията, давaща контролен номер
Контролно поле BLK
005 - Дата и час на последна редакция
Контролно поле 20220720092550.0
008 - Елементи от данни с фиксирана дължина
fixed length control field 180408b bul|||||r ||||||| ||bul||
010 ## - Наследен системен номер
LC control number KNG00063967000
040 ## - Източник на каталожния запис
Идентификатор на билиотеката - собственик на записа BLK
041 ## - Код за език
Код за езика на текст/звукозапис или на отделно заглавие Български
Код за езика КДБФ Български
080 ## - УДК
Текстов определител УДК Трактори. Влекачи
УДК код - определител по УДК 629.114.2
УДК определител (075.8)
УДК - код + определител 629.114.2(075.8)
080 ## - УДК
Текстов определител УДК Автомобили. Автомобилостроене
УДК код - определител по УДК 629.113
УДК определител (075.8)
УДК - код + определител 629.113(075.8)
100 1# - Редна дума - Автор
Автор Велев, Никола Начков
Авторска отговорност първи автор
R(LIN) 289249
139 ## - Редно поле
Редна дума Велев, Никола Начков
Авторски знак Веле - В 38
245 10 - Сведения за заглавието
Заглавие Теория и изчисление на трактора и автомобила
Подзаглавни данни Учебник за студентите от ВИММЕСС - Русе
Редно поле (дума) Никола Начков Велев.
257 ## - Страна на издаване
Страна на създаване/издаване България
260 ## - Област на издателските данни
Място на издаване, разпространение и проч. София
Име на издателя, разпространителя и проч. Земиздат
Година на издаване 1972
300 ## - Физическа характеристика
Страници 416 с.
Илюстрации и др. с черт.
Размери/Мащаб 22 см
380 ## - Жанр
Жанр Техника
500 ## - Общи забележки
Забележка 2 060 тир., доп. тир. 1975. - Библиогр. с. 410-411.
504 ## - Забележка за наличие на библиография и др
Забележка за наличие на библиография и под. 410-411
650 #4 - Допълнително описание по предмет – тема
Основно описание – тема или топоним Трактори - учебници за ВУЗ
9 (RLIN) 281816
650 #4 - Допълнително описание по предмет – тема
Основно описание – тема или топоним Автомобили - учебници за ВУЗ
9 (RLIN) 254327
653 ## - Ключова дума – ненормативна
Ключова дума трактори
653 ## - Ключова дума – ненормативна
Ключова дума автомобили
653 ## - Ключова дума – ненормативна
Ключова дума учебници за ВУЗ
852 ## - Местоположение
Форматна сигнатура Цб 65088
Фондова буква Хранилище
856 4# - Електронен адрес и достъп
Електронен формат pdf - файл
856 4# - Електронен адрес и достъп
Електронен формат pdf - файл
999 ## - СИСТЕМНИ КОНТРОЛНИ НОМЕРА
Koha biblionumber 59840
Koha biblioitemnumber 59840
942 ## - АРТИКУЛИ
Вид на библиотечния материал Книги
Скрит в OPAC Не
Периодичен библиозапис Да
944 ## - СЪЗДАВАНЕ И РЕДАКЦИЯ на ЗАПИСА
Създаване/Редакция Създаване
Дата на регистрацията/редакция 13.06.2004
Статус, дата на статуса ф /
Служител, извършил регистрацията/редакцията Людмила_Стоянова
944 ## - СЪЗДАВАНЕ И РЕДАКЦИЯ на ЗАПИСА
Създаване/Редакция Редакция
Дата на регистрацията/редакция 08.06.2016
Статус, дата на статуса ф /
Служител, извършил регистрацията/редакцията Правда_Бадева
944 ## - СЪЗДАВАНЕ И РЕДАКЦИЯ на ЗАПИСА
Създаване/Редакция Редакция
Дата на регистрацията/редакция 2022-07-20
Служител, извършил регистрацията/редакцията ВП
999 ## - СИСТЕМНИ КОНТРОЛНИ НОМЕРА
Koha biblioitemnumber 59840
Наличности
Код за отписване Код за изгубен артикул Източник на класификационната схема Код за повреда Коз за рестрикции Код за отдаване Артикулен № Име на библиотеката - собственик Име на библиотеката, в която се намира в момента Статус (Текущо местоположение) Дата на вписване в системата Местоположение - отдел Цена в лева Инвентарен номер Систематично азбучна сигнатура Баркод Номер на екземпляра Цена в евро Служебна бележка Служебен тип на артикула Бележка за публиката
Изтеглен Не е изгубен Universal Decimal Classification Не е повреден без рестрикции ползва се в читалня 97880 Регионална библиотека "Любен Каравелов" Русе Регионална библиотека "Любен Каравелов" Русе Читалня 1993-01-01 Читалня 1.90 127211 Ч 629.114/В 38 127211 1 0.97 Дост: Pk Вид: Ф N: стар фонд Дата: 01.01.1972 Дата инв: 24.03.2017 Бележки инв: Ч2017 Книги  
  Не е изгубен Universal Decimal Classification Не е повреден без рестрикции ползва се в читалня 97881 Регионална библиотека "Любен Каравелов" Русе Регионална библиотека "Любен Каравелов" Русе Хранилище 1972-01-01 Хранилище 1.90 128454 Цб 65088 120000128454 2 0.97 Дост: Dp Вид: Д N: стар фонд Дата: 01.01.1972 Книги  
  Не е изгубен Universal Decimal Classification Не е повреден без рестрикции ползва се в читалня 97882 Регионална библиотека "Любен Каравелов" Русе Регионална библиотека "Любен Каравелов" Русе Хранилище 1972-01-01 Хранилище 1.90 183557 Цб 65088 120000183557 3 0.97 Дост: Dp Вид: Д N: стар фонд Дата: 01.01.1972 Книги  
Изтеглен Не е изгубен   Не е повреден без рестрикции заемане за дома 97883 Регионална библиотека "Любен Каравелов" Русе Регионална библиотека "Любен Каравелов" Русе   1972-01-01 Заемна - подръчен фонд 1.90 128617 П 629.114.2/В 38 128617 4 0.97 Дост: Pk Вид: Ф N: стар фонд Дата: 01.01.1972 Книги Отч.N: 28/2018 , Дата: 28.03.2018
Изтеглен Не е изгубен Universal Decimal Classification Не е повреден без рестрикции заемане за дома 97884 Регионална библиотека "Любен Каравелов" Русе Регионална библиотека "Любен Каравелов" Русе Заемна - подръчен фонд 1972-01-01 Заемна - подръчен фонд 1.90 313603 П 629.114.2/В 38 313603 5 0.97 Дост: Pk Вид: Ф N: стар фонд Дата: 01.01.1972 Дата инв: 06.02.2018 Бележки инв: П2018 Книги  
Изтеглен Не е изгубен Universal Decimal Classification Не е повреден без рестрикции заемане за дома 97885 Регионална библиотека "Любен Каравелов" Русе Регионална библиотека "Любен Каравелов" Русе Заемна - подръчен фонд 1972-01-01 Заемна - подръчен фонд 1.90 403977 П 629.114.2/В 38 403977 6 0.97 Дост: Pk Вид: Ф N: стар фонд Дата: 01.01.1972 Книги  
Изтеглен Не е изгубен Universal Decimal Classification Не е повреден без рестрикции заемане за дома 97886 Регионална библиотека "Любен Каравелов" Русе Регионална библиотека "Любен Каравелов" Русе Заемна - подръчен фонд 1972-01-01 Заемна - подръчен фонд 4.00 641892 П 629.114.2/В 38 641892 7 2.05 Дост: Pk Вид: Ф N: стар фонд Дата: 01.01.1972 Дата инв: 06.02.2018 Бележки инв: П2018 Книги  
Vip Innovations Ltd, Rousse, Bulgaria 2025